La educación obligatoria: su sentido educativo y social
Guardat en:
| Autor principal: | |
|---|---|
| Format: | Llibre |
| Idioma: | espanyol |
| Publicat: |
Madrid, España
Morata
2000
|
| Col·lecció: | Razones y Propuestas Educativas, 1
|
| Matèries: | |
| Etiquetes: |
Afegir etiqueta
Sense etiquetes, Sigues el primer a etiquetar aquest registre!
|
MARC
| LEADER | 00000nam a2200000 a 4500 | ||
|---|---|---|---|
| 001 | UCK0239 | ||
| 003 | CL-VaPUC | ||
| 005 | 20230705115623.0 | ||
| 008 | 040924e20000000SP |||||||||||||||||spa|d | ||
| 999 | |c 310728 |d 310726 | ||
| 020 | |a 8471124459 | ||
| 040 | |c Pontificia Universidad Católica de Valparaíso | ||
| 082 | 0 | 4 | |a 370.111 GIM 2000 |2 21 |
| 100 | |a Gimeno Sacristán, José |e autor |9 814227 | ||
| 245 | 1 | 3 | |a La educación obligatoria: su sentido educativo y social |
| 260 | |a Madrid, España |b Morata |c 2000 | ||
| 300 | |a 126 páginas | ||
| 490 | 0 | |a Razones y Propuestas Educativas, 1 | |
| 583 | |a last modification |c 20040924 00:00:00 |k Rodrigo Vera | ||
| 650 | 0 | |a Filosofía de la educación |9 258384 | |
| 650 | 0 | |a Educación básica |9 224933 | |
| 650 | 0 | |a Alfabetización |9 310435 | |
| 650 | 0 | |a Sociología de la educación |9 260380 | |
| 942 | |c BK |2 ddc | ||
| 945 | |d 20040924 00:00:00 |a cmena | ||
| 952 | |0 0 |1 0 |2 ddc |4 0 |6 370_111000000000000_GIM_2000 |7 0 |8 A |9 379651 |a BIBEDU |b BIBEDU |d 2019-11-21 |i 4065409 |o 370.111 GIM 2000 |p 4065409 |r 2019-11-21 |t 1 |w 2019-11-21 |y BK |k PAR | ||
| 952 | |0 0 |1 0 |2 ddc |4 0 |6 370_111000000000000_GIM_2000 |7 0 |8 A |9 562196 |a BIBEDU |b BIBEDU |d 2020-03-30 |i 561841K |o 370.111 GIM 2000 |p 561841K |r 2020-03-30 |t 2 |w 2020-03-30 |y BK |k EPE | ||